000 00484nam a22001937a 4500
999 _c532553
_d532553
003 NUST
005 20191125124044.0
008 191125b ||||| |||| 00| 0 eng d
020 _a0071077871
024 _a978-0071077873
038 _aMSOHAIL
082 _a0
100 _aMG Shah
_926133
245 _aBuilding Drawing with an Integrated Approach to Built Environment
250 _a5th
260 _aIndia
_bMc Graw Hill India
_cc2013
300 _ap;408
942 _2ddc
_cBK